[Event "Rasht Gilan Cup 1st"]
[Site "Rasht"]
[Date "2022.07.10"]
[Round "2"]
[White "Karimi, Omid"]
[Black "Atabayev, Saparmyrat"]
[Result "0-1"]
[WhiteElo "1980"]
[BlackElo "2447"]
[PlyCount "74"]
[EventDate "2022.07.09"]
[EventType "swiss"]
[EventRounds "9"]
[EventCountry "IRI"]
[SourceTitle "CBM 209 Extra"]
[Source "ChessBase"]
[SourceDate "2022.09.30"]
[SourceVersion "1"]
[SourceVersionDate "2022.09.30"]
[SourceQuality "1"]

1. e4 c5 2. Nf3 d6 3. d4 cxd4 4. Nxd4 Nf6 5. Nc3 a6 6. Rg1 e5 7. Nb3 Be6 8. g4 Nc6 9. g5 Nd7 10. Be3 Rc8 11. Qd2 Na5 12. Nd5 Nc4 13. Bxc4 Rxc4 14. f3 Bxd5 15. exd5 Qc7 16. 0-0-0 Be7 17. Rg4 0-0 18. Rdg1 Rxg4 19. Rxg4 f5 20. Rg1 f4 21. Bf2 Qc4 22. Qd3 Qxd3 23. cxd3 Rc8+ 24. Kd2 Bd8 25. h4 Kf7 26. h5 g6 27. h6 Bb6 28. d4 Rc4 29. a3 exd4 30. Rg4 Kg8 31. Rxf4 Bd8 32. Bh4 Ne5 33. Kd1 d3 34. Rxc4 Nxc4 35. f4 Bb6 36. Nc1 Nxb2+ 37. Kd2 Ba5+ 0-1

[Event "Asian-ch Indonesia B2 B3"]
[Site "Cempaka Putih"]
[Date "2018.10.07"]
[Round "1.2"]
[White "Makwana, Ashvin K"]
[Black "Karimi, Omid"]
[Result "0-1"]
[WhiteElo "1784"]
[BlackElo "2007"]
[PlyCount "76"]
[EventDate "2018.10.07"]
[EventType "swiss"]
[EventRounds "7"]
[EventCountry "INA"]
[SourceTitle "EXT 2024"]
[Source "ChessBase"]
[SourceDate "2023.10.10"]
[SourceVersion "1"]
[SourceVersionDate "2023.10.10"]
[SourceQuality "1"]

1. d4 Nf6 2. Bf4 c5 3. e3 g6 4. Nd2 Bg7 5. Ngf3 0-0 6. Be2 Nc6 7. c3 cxd4 8. exd4 d6 9. 0-0 Nh5 10. Be3 f5 11. d5 Ne5 12. Nxe5 dxe5 13. Bxh5 gxh5 14. Qb3 b6 15. f4 e4 16. Rfd1 Kh8 17. Nf1 Qd6 18. Rd2 Ba6 19. Ng3 Qg6 20. c4 Rac8 21. Rc1 Rg8 22. Nf1 Rc7 23. Qa4 b5 24. Qa5 Rxc4 25. Rxc4 bxc4 26. d6 c3 27. bxc3 Bxf1 28. Kxf1 exd6 29. Qxa7 Bxc3 30. Bd4+ Bxd4 31. Qxd4+ Qg7 32. Qxg7+ Kxg7 33. Rxd6 Ra8 34. Rd2 h4 35. Rb2 Ra3 36. Rb7+ Kg6 37. Rb2 h3 38. gxh3 Rxh3 0-1

[Event "Asia zt 3.1"]
[Site "Tehran"]
[Date "2017.07.06"]
[Round "8"]
[White "Tajbakhsh, Ramtin"]
[Black "Karimi, Omid"]
[Result "1/2-1/2"]
[WhiteElo "2018"]
[BlackElo "2067"]
[PlyCount "115"]
[EventDate "2017.06.30"]
[EventType "swiss"]
[EventRounds "9"]
[EventCountry "IRI"]
[SourceTitle "CBM 179 Extra"]
[Source "ChessBase"]
[SourceDate "2017.08.23"]
[SourceVersion "1"]
[SourceVersionDate "2017.08.23"]
[SourceQuality "1"]

1. d4 Nf6 2. c4 g6 3. Nc3 Bg7 4. e4 0-0 5. Nf3 c6 6. Be2 d5 7. e5 Ne4 8. 0-0 Nxc3 9. bxc3 dxc4 10. Bxc4 c5 11. Be3 cxd4 12. cxd4 Nc6 13. Qd2 Na5 14. Be2 Be6 15. Rfc1 b6 16. Qb4 Qd7 17. Bg5 f6 18. Bf4 Nc6 19. Qb2 fxe5 20. Bb5 Rac8 21. Bxe5 Bh6 22. Rc3 Bd5 23. Rd1 Qg4 24. h3 Qh5 25. Bxc6 Rxc6 26. Rxc6 Rxf3 27. Rc8+ Bf8 28. Kh2 Rxh3+ 29. gxh3 Qxd1 30. Rc1 Qf3 31. Rg1 Bh6 32. Qc2 Bf4+ 33. Bxf4 Qxf4+ 34. Rg3 Qxd4 35. a3 Qf4 36. Qc8+ Kf7 37. Qc2 a5 38. Kg1 b5 39. Kh2 b4 40. axb4 axb4 41. Kg1 Qe5 42. Qb1 b3 43. Rxb3 Bxb3 44. Qxb3+ Kf6 45. Qf3+ Kg7 46. h4 h5 47. Kg2 e6 48. Qb7+ Kh6 49. Qe7 Qf5 50. Kf1 e5 51. Kg2 g5 52. Qd6+ Kg7 53. Qe7+ Kg6 54. Qe8+ Kg7 55. Qe7+ Kh6 56. Qd6+ Kg7 57. Qe7+ Kh6 58. Qd6+ 1/2-1/2

[Event "Asia zt 3.1"]
[Site "Tehran"]
[Date "2017.07.03"]
[Round "4"]
[White "Karimi, Omid"]
[Black "Mousavi Ghods, Hossein"]
[Result "1-0"]
[WhiteElo "2067"]
[BlackElo "1930"]
[PlyCount "49"]
[EventDate "2017.06.30"]
[EventType "swiss"]
[EventRounds "9"]
[EventCountry "IRI"]
[SourceTitle "CBM 179 Extra"]
[Source "ChessBase"]
[SourceDate "2017.08.23"]
[SourceVersion "1"]
[SourceVersionDate "2017.08.23"]
[SourceQuality "1"]

1. e4 c5 2. Nf3 d6 3. d3 Nc6 4. g3 g6 5. Bg2 Bg7 6. 0-0 e5 7. Be3 Nge7 8. c3 0-0 9. d4 b6 10. Na3 Bg4 11. d5 Nb8 12. h3 Bd7 13. b4 Na6 14. b5 Nc7 15. Qb3 h6 16. Nd2 Qe8 17. Nac4 Nc8 18. a4 f5 19. f4 Kh8 20. fxe5 Bxe5 21. Nxe5 Qxe5 22. Bxh6 Rg8 23. Bg5 Qxg3 24. Bf6+ Kh7 25. Rf3 1-0

[Event "Asia zt 3.1"]
[Site "Tehran"]
[Date "2017.06.30"]
[Round "1"]
[White "Tahbaz, Arash"]
[Black "Karimi, Omid"]
[Result "1-0"]
[WhiteElo "2420"]
[BlackElo "2067"]
[PlyCount "89"]
[EventDate "2017.06.30"]
[EventType "swiss"]
[EventRounds "9"]
[EventCountry "IRI"]
[SourceTitle "CBM 179 Extra"]
[Source "ChessBase"]
[SourceDate "2017.08.23"]
[SourceVersion "1"]
[SourceVersionDate "2017.08.23"]
[SourceQuality "1"]

1. e4 c6 2. d4 d5 3. Nd2 dxe4 4. Nxe4 Bf5 5. Ng3 Bg6 6. h4 h6 7. Nf3 Nd7 8. h5 Bh7 9. Bd3 Bxd3 10. Qxd3 e6 11. Bd2 Qc7 12. 0-0-0 0-0-0 13. Ne4 Ngf6 14. g3 Nxe4 15. Qxe4 Nf6 16. Qe2 Bd6 17. c4 c5 18. Bc3 cxd4 19. Nxd4 a6 20. Kb1 Rd7 21. Nb3 Qc6 22. Na5 Qe4+ 23. Qxe4 Nxe4 24. Bxg7 Rhd8 25. Rh2 Bxg3 26. Rxd7 Bxh2 27. Rxd8+ Kxd8 28. Bxh6 b6 29. f3 Nd6 30. c5 bxc5 31. Bg7 Ke7 32. Nc6+ Kd7 33. Ne5+ Bxe5 34. Bxe5 Nf5 35. Bg7 e5 36. h6 Nh4 37. h7 Ng6 38. Bxe5 Ke6 39. h8Q Nxh8 40. Bxh8 Kf5 41. Kc2 Kf4 42. Kd3 Kxf3 43. Kc4 f5 44. Be5 Ke4 45. Bd6 1-0